Diversidad biológica y cultura rural en la gestión ambiental del desarrollo / (Record no. 56701)
[ view plain ]
| 000 -LEADER | |
|---|---|
| fixed length control field | 00862nam a22002297a 4500 |
| 005 - DATE AND TIME OF LATEST TRANSACTION | |
| control field | 20150817120041.0 |
| 008 - FIXED-LENGTH DATA ELEMENTS--GENERAL INFORMATION | |
| fixed length control field | a081125s1998 sp 000 0 spa u |
| 020 ## - INTERNATIONAL STANDARD BOOK NUMBER | |
| International Standard Book Number | 8471147602 |
| 245 00 - TITLE STATEMENT | |
| Title | Diversidad biológica y cultura rural en la gestión ambiental del desarrollo / |
| Statement of responsibility, etc | F. Díaz Pineda, J. M. de Miguel, M. A. Casado, coords. |
| 250 ## - EDITION STATEMENT | |
| Edition statement | 1a ed. |
| 260 ## - PUBLICATION, DISTRIBUTION, ETC. (IMPRINT) | |
| Place of publication, distribution, etc | Madrid, España : |
| Name of publisher, distributor, etc | MultiMedia Ambiental : |
| -- | Mundi-Prensa, |
| Date of publication, distribution, etc | 1998 |
| 300 ## - PHYSICAL DESCRIPTION | |
| Extent | 205 p. ; |
| Dimensions | 24 cm. |
| 504 ## - BIBLIOGRAPHY, ETC. NOTE | |
| Bibliography, etc | Incluye bibliografías |
| 650 #4 - SUBJECT ADDED ENTRY--TOPICAL TERM | |
| Topical term or geographic name as entry element | Biodiversidad |
| General subdivision | Conservación |
| 650 #4 - SUBJECT ADDED ENTRY--TOPICAL TERM | |
| Topical term or geographic name as entry element | Conservaciâon de los recursos naturales |
| 650 #4 - SUBJECT ADDED ENTRY--TOPICAL TERM | |
| Topical term or geographic name as entry element | Desarrollo sustentable |
| 700 1# - ADDED ENTRY--PERSONAL NAME | |
| Personal name | Díaz Pineda, |
| Fuller form of name | [Francisco], coord. |
| 700 1# - ADDED ENTRY--PERSONAL NAME | |
| Personal name | Miguel, J. M de, |
| Fuller form of name | [José Manuel], coord. |
| 700 1# - ADDED ENTRY--PERSONAL NAME | |
| Personal name | Casado, M. A., |
| Fuller form of name | [Miguel Ángel], coord. |
| 942 ## - ADDED ENTRY ELEMENTS (KOHA) | |
| Source of classification or shelving scheme | Biblioteca del Cogreso de los Estados Unidos |
| Koha item type | Libro |
| Estado de pérdida | Fuente de clasificación | Estado del daño | No para préstamo | Ubicación permanente | Ubicación actual | Apartado o colección | Fecha de adquisición | Edición | Área del conocimiento | Clasificación | Código de Barras | Date last seen | Número de copia | Tipo de recurso |
|---|---|---|---|---|---|---|---|---|---|---|---|---|---|---|
| Biblioteca del Cogreso de los Estados Unidos | Biblioteca de la Facultad de Medicina Veterinaria y Zootecnia | Biblioteca de la Facultad de Medicina Veterinaria y Zootecnia | General | 17/08/2015 | 1a ed. | Ciencias Agropecuarias | QH75 D58 1998 | MVZ000002802 | 17/08/2015 | C:1 | Libro | |||
| Biblioteca del Cogreso de los Estados Unidos | Biblioteca de la Facultad de Medicina Veterinaria y Zootecnia | Biblioteca de la Facultad de Medicina Veterinaria y Zootecnia | General | 17/08/2015 | 1a ed. | Ciencias Agropecuarias | QH75 D58 1998 | MVZ000002801 | 17/08/2015 | C:2 | Libro | |||
| Biblioteca del Cogreso de los Estados Unidos | Biblioteca de la Facultad de Medicina Veterinaria y Zootecnia | Biblioteca de la Facultad de Medicina Veterinaria y Zootecnia | General | 17/08/2015 | 1a ed. | Ciencias Agropecuarias | QH75 D58 1998 | MVZ000002800 | 17/08/2015 | C:3 | Libro |